Psyche zur Entwicklungeschichte der Seele
Guardat en:
| Autor principal: | |
|---|---|
| Format: | Llibre |
| Idioma: | alemany |
| Publicat: |
Stuttgart
C.B Scheitlins
1851
|
| Edició: | 2a. ed |
| Matèries: | |
| Etiquetes: |
Afegir etiqueta
Sense etiquetes, Sigues el primer a etiquetar aquest registre!
|
MARC
| LEADER | 00000nam a2200000 a 4500 | ||
|---|---|---|---|
| 001 | UCU1635 | ||
| 003 | CL-VaPUC | ||
| 008 | 960409e18510000GW |||||||||||||||||ger|d | ||
| 082 | 0 | 4 | |a 128.1 |b CAR |2 21 |
| 100 | 0 | |a Carus, Carl Gustav |e author |9 357313 | |
| 245 | 1 | 0 | |a Psyche zur Entwicklungeschichte der Seele |
| 250 | |a 2a. ed | ||
| 300 | |a 544 p | ||
| 942 | |c BK | ||
| 945 | |d 19960409 00:00:00 |a cmena | ||
| 260 | |a Stuttgart |b C.B Scheitlins |c 1851 | ||
| 650 | 0 | |a Filosofía del espíritu |9 320175 | |
| 650 | 0 | |a Mente |9 330838 | |
| 650 | 0 | |a Naturaleza humana |9 308593 | |
| 650 | 0 | |a Psicología |9 257863 | |
| 650 | 0 | |a Alma |9 259008 | |
| 583 | |a last modification |c 19960409 00:00:00 |k Rodrigo Vera | ||
| 999 | |c 246195 |d 246193 | ||
| 952 | |0 0 |1 0 |4 0 |6 128_100000000000000_CAR_1851 |7 0 |8 P |9 260947 |a BIBEDU |b BIBEDU |c BIBEDU_PB |d 2019-11-19 |i 2016028 |o 128.1 CAR 1851 |p 2016028 |r 2024-01-25 |w 2019-11-19 |y BK |k FIL | ||